000 00666nam a2200265Ia 4500
005 20260121173028.0
008 008 260114s9999 xx 000 0 eng d
020 _a9783030925673
037 _aEBOOK
040 _aCRL
040 _beng
040 _cCRL
041 _2eng
041 _aeng
084 _qCRL
100 _aT. S. Srivatsan, Pradeep K. Rohatgi, Simona Hunyadi Murph
_91095745
245 0 _aMetal-Matrix Composites
260 _bSpringer
260 _bSpringer
260 _c2022
856 _uhttps://link.springer.com/openurl?genre=book&isbn=978-3-030-92567-3
942 _cEBOOK
999 _c1661488
_d1661488